| 000 | 01056nam a2200349 c 4500 | ||
|---|---|---|---|
| 001 | 53134 | ||
| 003 | ES-MaCES | ||
| 005 | 20250203133004.0 | ||
| 008 | 240409s2023 sp 000 ||spa d | ||
| 017 |
_aM 32074-2023 _bDL |
||
| 020 | _a9788413817118 | ||
| 040 |
_aES-MaCES _bspa _cES-MaCES |
||
| 100 | 1 |
_911482 _aEsteve Pardo, José |
|
| 245 | 1 | 3 |
_aEl camino a la desigualdad _b: del imperio de la ley a la expansión del contrato _cJosé Esteve Pardo |
| 260 |
_aMadrid [etc.] _bMarcial Pons _c2023 |
||
| 300 |
_a164 p. _c24 cm |
||
| 504 | _aBibliografía: p. 151-164 | ||
| 541 | _cCompra | ||
| 650 | 4 |
_aderecho _927151 |
|
| 650 | 4 |
_aimperio del derecho _929913 |
|
| 650 | 4 |
_aEstado-Benefactor _929481 |
|
| 650 | 4 |
_aderechos humanos _927171 |
|
| 650 | 4 |
_acontrato _929505 |
|
| 650 | 4 |
_acontratación _928323 |
|
| 650 | 4 |
_anuevas tecnologías _930788 |
|
| 650 | 4 |
_aprivatización _929788 |
|
| 650 | 4 |
_adesigualdad social _930789 |
|
| 650 | 4 |
_ateoría legal _929895 |
|
| 653 | 1 | 0 | _aDerecho |
| 902 | _aLIB Libro | ||
| 942 |
_2CES _cBK _h6.0. |
||
| 999 |
_c53134 _d53134 |
||